[Event "10th Dolomiti Open 2019"]
[Site "Forni di Sopra"]
[Date "2019.06.16"]
[Round "2.10"]
[White "Sgircea, Silvia-Raluca"]
[Black "Sonis, Francesco"]
[Result "0-1"]
[WhiteElo "2256"]
[BlackElo "2494"]
[Annotator "ChessBase"]
[PlyCount "88"]
[EventDate "2019.06.15"]
[EventType "swiss"]
[EventCountry "ITA"]
[SourceTitle "playchess.com"]
[Source "ChessBase"]
[SourceQuality "1"]
[TimeControl "40/5400+30:1800+30"]

1. d4 {[%emt 0:00:00]} Nf6 {[%emt 0:00:00]} 2. Nf3 {[%emt 0:00:00]} e6 {[%emt 0:00:00]} 3. c4 {[%emt 0:00:05]} b6 {[%emt 0:00:00]} 4. g3 {[%emt 0:00:17]} Ba6 {[%emt 0:00:04]} 5. b3 {[%emt 0:00:11]} Bb4+ {[%emt 0:00:09]} 6. Bd2 {[%emt 0:00:06]} Be7 {[%emt 0:00:06]} 7. Bg2 {[%emt 0:00:11]} c6 {[%emt 0:00:08]} 8. O-O {[%emt 0:00:16]} d5 {[%emt 0:00:23]} 9. Bc3 {[%emt 0:10:17]} Nbd7 {[%emt 0:00:21]} 10. Nbd2 {[%emt 0:00:40]} O-O {[%emt 0:00:09]} 11. Re1 {[%emt 0:01:24]} c5 {[%emt 0:00:49]} 12. e4 {[%emt 0:05:16]} dxc4 {[%emt 0:00:25]} 13. Nxc4 {[%emt 0:01:04]} cxd4 {[%emt 0:03:54]} 14. Bxd4 {[%emt 0:23:08]} Rc8 {[%emt 0:15:11]} 15. Rc1 {[%emt 0:02:59]} b5 {[%emt 0:07:36]} 16. Nce5 {[%emt 0:11:24]} Nxe5 {[%emt 0:05:09]} 17. Bxe5 {[%emt 0:01:06]} Bb4 {[%emt 0:13:35]} 18. Re2 {[%emt 0:07:13]} Bb7 {[%emt 0:05:35]} 19. Bb2 {[%emt 0:12:10]} Qe7 {[%emt 0:15:48]} 20. Nd4 {[%emt 0:03:21]} a6 {[%emt 0:06:37]} 21. Rxc8 {[%emt 0:05:25]} Rxc8 {[%emt 0:00:10]} 22. Rc2 {[%emt 0:00:10]} Rd8 {[%emt 0:02:00]} 23. Qe2 {[%emt 0:00:35]} Qd7 {[%emt 0:02:40]} 24. a3 {[%emt 0:09:58]} Ba5 {[%emt 0:02:10]} 25. b4 {[%emt 0:00:11]} Bb6 {[%emt 0:00:03]} 26. Rd2 {[%emt 0:00:05]} Qc8 {[%emt 0:01:16]} 27. Kh1 {[%emt 0:04:38]} Bxd4 {[%emt 0:06:12]} 28. Bxd4 {[%emt 0:00:11]} e5 {[%emt 0:00:45]} 29. Bb2 {[%emt 0:00:53]} Rxd2 {[%emt 0:01:50]} 30. Qxd2 {[%emt 0:00:02]} Nxe4 {[%emt 0:00:10]} 31. Qe2 {[%emt 0:01:03]} Ng5 {[%emt 0:04:18]} 32. f3 {[%emt 0:01:01]} f6 {[%emt 0:00:07]} 33. h4 {[%emt 0:00:23]} Nf7 {[%emt 0:01:08]} 34. Qd2 {[%emt 0:00:36]} Qe6 {[%emt 0:00:21]} 35. Kh2 {[%emt 0:00:25]} Qd5 {[%emt 0:00:15]} 36. Qc1 {[%emt 0:00:35]} Qc6 {[%emt 0:00:04]} 37. Qd2 {[%emt 0:00:27]} Nd6 {[%emt 0:00:04]} 38. f4 {[%emt 0:00:31]} Qxg2+ {[%emt 0:00:08]} 39. Qxg2 {[%emt 0:00:01]} Bxg2 {[%emt 0:00:08]} 40. Kxg2 {[%emt 0:00:02]} Nc4 {[%emt 0:00:15]} 41. Bc1 {[%emt 0:30:01]} Kf7 {[%emt 0:30:14]} 42. fxe5 {[%emt 0:01:14]} fxe5 {[%emt 0:00:31]} 43. Kf3 {[%emt 0:00:01]} Ke6 {[%emt 0:10:42]} 44. Ke4 {[%emt 0:00:20]} Nd6+ {[%emt 0:00:30] Kd4} 0-1

[Event "10th Dolomiti Open 2019"]
[Site "Forni di Sopra"]
[Date "2019.06.17"]
[Round "3.1"]
[White "Santos Ruiz, Miguel"]
[Black "Dreev, Aleksey"]
[Result "1/2-1/2"]
[WhiteElo "2557"]
[BlackElo "2657"]
[Annotator "TA"]
[PlyCount "31"]
[EventDate "2019.06.15"]
[EventType "swiss"]
[EventCountry "ITA"]
[SourceTitle "playchess.com"]
[Source "ChessBase"]
[SourceQuality "1"]

{[%evp 9,31,-1,19,16,33,29,40,33,33,46,50,28,52,28,30,36,26,35,66,79,100,53,62,75]} 1. e4 c6 2. Nf3 d5 3. d3 dxe4 4. dxe4 Qxd1+ 5. Kxd1 Nf6 6. Nfd2 {B10: Caro-Kann: 2 d3 and 2 c4} (6. Nbd2 g6 7. c3 Bg7 8. Ne1 Ng4 9. Nd3 Nd7 10. Nc4 O-O 11. f3 Nge5 12. Ndxe5 Nxe5 {½-½ (82) Van Foreest,J (2612)-Martirosyan,H (2607) chess.com INT 2019}) 6... g6 $146 ({Predecessor:} 6... Nbd7 7. f3 g6 8. Nb3 h5 9. Be3 Bh6 10. Bf2 Nb6 11. c3 Be6 12. Nc5 {½-½ (30) Todorov,T (2477)-Villegas,P (2345) Brest 2018}) 7. f3 Bg7 8. a4 O-O 9. c3 Nbd7 {[%cal Bb8d7,Bd7e5,Be5g4][%mdl 32]} 10. Nb3 Ne5 11. Be3 Ne8 12. N1d2 f5 13. exf5 gxf5 14. f4 Ng4 15. Bg1 Nd6 16. Kc2 {Accuracy: White = 79%, Black = 52%.} 1/2-1/2

[Event "10th Dolomiti Open 2019"]
[Site "Forni di Sopra"]
[Date "2019.06.17"]
[Round "3.2"]
[White "Mareco, Sandro"]
[Black "Cruz, Cristhian"]
[Result "1-0"]
[WhiteElo "2643"]
[BlackElo "2561"]
[Annotator "TA"]
[PlyCount "49"]
[EventDate "2019.06.15"]
[EventType "swiss"]
[EventCountry "ITA"]
[SourceTitle "playchess.com"]
[Source "ChessBase"]
[SourceQuality "1"]

{[%evp 11,49,31,39,30,51,43,42,35,56,44,34,28,93,69,87,88,257,112,110,124,111,117,222,220,410,408,523,509,869,852,835,820,877,878,860,837,5606,708,5606,5493]} 1. Nf3 c5 2. e4 e6 3. d4 cxd4 4. Nxd4 Nc6 5. Nc3 Qc7 6. Be3 a6 7. Qf3 {B48: Sicilian: Taimanov: 5 Nc3 Qc7 6 Be3 a6 without Be2} d6 (7... Nf6 8. O-O-O Ne5 9. Qg3 b5 10. a3 Bb7 11. Bxb5 Rc8 12. Ba4 Nxe4 13. Nxe4 Bxe4 14. Bf4 Qa5 15. Bxe5 Qxa4 {1-0 (66) Vachier Lagrave,M (2778)-Harikrishna,P (2729) Germany 2019}) 8. Nxc6 bxc6 9. O-O-O {White is slightly better.} Rb8 10. Qg3 Nf6 11. f4 d5 $146 (11... g6 $11) ({Predecessor:} 11... Nd7 12. Be2 g6 13. f5 Ne5 14. f6 h5 {½-½ (68) Khalafova,N (2239)-Hoolt,S (2449) Baku 2017}) 12. Be2 Rb4 13. Bd4 $1 $36 {[%mdl 2048] Black is under strong pressure.} dxe4 $2 (13... Qb8 $16 {might work better.}) 14. a3 (14. Bxf6 $1 $18 {and the rest is easy.} gxf6 15. a3) 14... Rxd4 $16 15. Rxd4 c5 {[#]} 16. Ra4 $1 Qc6 (16... Be7 $16 {was worth a try.}) 17. f5 $18 Nd5 $2 {[#]} (17... Be7 18. fxe6 fxe6) 18. fxe6 $1 Nxc3 19. exf7+ {White is clearly winning.} Kd8 (19... Kxf7 $142 20. Rf1+ Ke7 21. Qxc3 Qxa4 22. Qxc5+ {[%mdl 64] Double Attack} Kd8 23. Rd1+ Bd7 24. Qb6+ {[%mdl 64] Double Attack} Ke8 25. Qb8+ Ke7 26. Qe5+ Kd8) 20. Qxc3 Qxa4 21. Qe5 Bd7 22. Rd1 {And now Bg4 would win.} h5 {[#]} 23. Bc4 $1 {[%mdl 512] Threatens to win with Be6.} Rh6 (23... Qxc4 24. Qe8+) 24. Qe8+ {[%mdl 64] Double Attack} Kc7 25. Qxf8 {[%mdl 64] Double Attack. Accuracy: White = 64%, Black = 24%.} 1-0

[Event "10th Dolomiti Open 2019"]
[Site "Forni di Sopra"]
[Date "2019.06.17"]
[Round "3.3"]
[White "Sonis, Francesco"]
[Black "Deac, Bogdan-Daniel"]
[Result "1-0"]
[WhiteElo "2494"]
[BlackElo "2623"]
[Annotator "TA"]
[PlyCount "53"]
[EventDate "2019.06.15"]
[EventType "swiss"]
[EventCountry "ITA"]
[SourceTitle "playchess.com"]
[Source "ChessBase"]
[SourceQuality "1"]

{[%evp 10,53,20,27,29,29,18,22,20,17,21,4,12,10,6,8,12,0,0,0,37,0,0,0,0,0,0,-7,0,0,0,0,0,0,8,0,0,0,602,604,714,698,1095,420,1064,1034]} 1. d4 Nf6 2. c4 e6 3. Nf3 d5 4. g3 dxc4 5. Bg2 Bd7 6. Nbd2 Bb5 {E04: Open Catalan: 5 Nf3} 7. Ne5 a5 8. Ndxc4 Bb4+ {The position is equal.} 9. Kf1 $1 c6 10. Bf3 Nbd7 11. Kg2 Nxe5 12. Nxe5 a4 $146 ({Predecessor:} 12... Nd7 13. Nd3 Be7 14. Qc2 {½-½ (35) Wei,Y (2748)-Ghosh,D (2556) Ashkhabad 2017}) 13. a3 Be7 14. e4 c5 15. d5 exd5 16. exd5 O-O 17. Qc2 Bd6 18. Re1 Re8 19. Bf4 Qc7 {[%cal Rd6e5]} 20. Qf5 Qc8 21. Qc2 Qc7 $132 {[%cal Rd6e5][%mdl 2048] Black has counterplay} 22. Qf5 Re7 23. Re3 Nd7 $2 {[%mdl 8192] [#]} (23... Bd7 $11 24. Nxd7 Qxd7 25. Qxd7 Rxd7) 24. Nc4 $1 $18 {[%cal Be5c4,Bc4d6,Bd6f5][%mdl 608] Discovered Attack} Rxe3 (24... Bxc4 25. Rxe7) 25. Nxd6 (25. Nxe3 g6 $11) 25... Rxf3 26. Qxf7+ ({And not} 26. Nxb5 {[#]} Rxf4 $1 {[%mdl 512]} 27. Qxf4 (27. Nxc7 Rxf5 28. Nxa8 Rxd5 $17) (27. gxf4 Qb6 $11) 27... Qxf4 $11) 26... Kh8 {[#] Threatens to win with ...Qxd6!} 27. Nf5 $1 {[%mdl 576] Discovered Attack. Accuracy: White = 82%, Black = 75%.} 1-0

[Event "10th Dolomiti Open 2019"]
[Site "Forni di Sopra"]
[Date "2019.06.17"]
[Round "3.4"]
[White "Martinez Alcantara, Jose Eduardo"]
[Black "Di Benedetto, Edoardo"]
[Result "1-0"]
[WhiteElo "2583"]
[BlackElo "2409"]
[Annotator "ChessBase"]
[PlyCount "93"]
[EventDate "2019.06.15"]
[EventType "swiss"]
[EventCountry "ITA"]
[SourceTitle "playchess.com"]
[Source "ChessBase"]
[SourceQuality "1"]
[TimeControl "40/5400+30:1800+30"]

1. e4 {[%emt 0:00:00]} e6 {[%emt 0:00:00]} 2. d4 {[%emt 0:00:02]} d5 {[%emt 0:00:00]} 3. Nc3 {[%emt 0:00:03]} Nf6 {[%emt 0:00:00]} 4. e5 {[%emt 0:00:17]} Nfd7 {[%emt 0:00:00]} 5. f4 {[%emt 0:00:05]} c5 {[%emt 0:00:00]} 6. Nf3 {[%emt 0:00:05]} Nc6 {[%emt 0:00:12]} 7. Be3 {[%emt 0:00:06]} Be7 {[%emt 0:00:22]} 8. Qd2 {[%emt 0:00:32]} O-O {[%emt 0:00:06]} 9. dxc5 {[%emt 0:00:11]} Qa5 {[%emt 0:00:06]} 10. a3 {[%emt 0:00:12]} Bxc5 {[%emt 0:01:21]} 11. Bxc5 {[%emt 0:00:32]} Qxc5 {[%emt 0:00:20]} 12. Bd3 {[%emt 0:08:58]} f6 {[%emt 0:05:52]} 13. exf6 {[%emt 0:02:16]} Nxf6 {[%emt 0:00:27]} 14. O-O-O {[%emt 0:04:13]} a6 {[%emt 0:02:57]} 15. Ne2 {[%emt 0:14:35]} b5 {[%emt 0:01:02]} 16. Kb1 {[%emt 0:05:03]} b4 {[%emt 0:03:16]} 17. a4 {[%emt 0:01:14]} b3 {[%emt 0:10:00]} 18. cxb3 {[%emt 0:05:23]} Rb8 {[%emt 0:02:30]} 19. Rc1 {[%emt 0:03:51]} Qd6 {[%emt 0:04:45]} 20. Ned4 {[%emt 0:04:55]} Nxd4 {[%emt 0:02:24]} 21. Nxd4 {[%emt 0:00:01]} Bd7 {[%emt 0:06:40]} 22. Rhe1 {[%emt 0:08:13]} Rfe8 {[%emt 0:07:30]} 23. Bc2 {[%emt 0:06:16]} Rb4 {[%emt 0:02:05]} 24. Rcd1 {[%emt 0:06:37]} a5 {[%emt 0:07:19]} 25. Qe3 {[%emt 0:02:29]} Qc5 {[%emt 0:04:10]} 26. g3 {[%emt 0:01:19]} Ng4 {[%emt 0:04:53]} 27. Qd2 {[%emt 0:03:47]} Rb6 {[%emt 0:10:46]} 28. h3 {[%emt 0:04:52]} Nh6 {[%emt 0:01:39]} 29. g4 {[%emt 0:00:37]} Nf7 {[%emt 0:01:49]} 30. f5 {[%emt 0:01:12]} e5 {[%emt 0:02:13]} 31. Ne6 {[%emt 0:00:02]} Bxe6 {[%emt 0:03:47]} 32. fxe6 {[%emt 0:00:07]} Rbxe6 {[%emt 0:01:04]} 33. Qxd5 {[%emt 0:00:13]} Qb6 {[%emt 0:07:25]} 34. Qe4 {[%emt 0:00:54]} g6 {[%emt 0:00:07]} 35. Rd5 {[%emt 0:02:59]} Nd6 {[%emt 0:02:32]} 36. Qe3 {[%emt 0:00:32]} Qb4 {[%emt 0:00:07]} 37. Qc3 {[%emt 0:00:42]} e4 {[%emt 0:05:03]} 38. Rxa5 {[%emt 0:01:34]} Qb6 {[%emt 0:00:10]} 39. b4 {[%emt 0:00:35]} e3 {[%emt 0:02:52]} 40. Bb3 {[%emt 0:03:35]} Ne4 {[%emt 0:00:15]} 41. Bxe6+ {[%emt 0:30:15]} Rxe6 {[%emt 0:02:48]} 42. Ra8+ {[%emt 0:00:00]} Kf7 {[%emt 0:00:09]} 43. Qh8 {[%emt 0:00:00]} Nd2+ {[%emt 0:00:44]} 44. Ka2 {[%emt 0:00:00]} Qxb4 {[%emt 0:01:21]} 45. Ra7+ {[%emt 0:00:00]} Re7 {[%emt 0:00:40]} 46. Qxh7+ {[%emt 0:00:00]} Kf6 {[%emt 0:00:06]} 47. Qxe7+ {[%emt 0:00:00]} 1-0

[Event "10th Dolomiti Open 2019"]
[Site "Forni di Sopra"]
[Date "2019.06.17"]
[Round "3.5"]
[White "Dappiano, Andrea"]
[Black "Ivanchuk, Vassily"]
[Result "0-1"]
[WhiteElo "2271"]
[BlackElo "2691"]
[Annotator "TA"]
[PlyCount "98"]
[EventDate "2019.06.15"]
[EventType "swiss"]
[EventCountry "ITA"]
[SourceTitle "playchess.com"]
[Source "ChessBase"]
[SourceQuality "1"]

{[%evp 11,98,-22,-9,-21,-22,-31,-12,-18,-8,-15,-4,-2,0,-2,0,-5,-5,-30,-16,-33,-13,-22,-25,-30,41,-45,-47,-99,-70,-105,-90,-62,0,0,573,0,0,0,0,-109,-106,-112,0,7,12,7,0,-96,-77,-223,-223,-259,-237,-259,-253,-252,-236,-321,-321,-319,-303,-303,-300,-453,-436,-559,-550,-776,-635,-1495,-1495,-29964,-29963,-29964,-29965,-29966,-29966,-29967,-29968,-29969,-29970,-29971,-29972,-29972,-29973,-29973,-29970,-29975,-29971]} 1. e4 e6 2. Nf3 d5 3. Nc3 Nf6 4. e5 Nfd7 5. d4 c5 6. dxc5 Nc6 7. Bf4 {C11: French: Classical System: 4 e5 and 4 Bg5 dxe4} h6 (7... Nxc5 8. h4 Be7 9. h5 f5 10. Rh3 O-O 11. Nb5 Ne4 12. c3 Qb6 13. Be3 Qa5 14. Nbd4 f4 15. Bd2 Qc7 16. Nxc6 bxc6 {1-0 (61) Nepomniachtchi,I (2718)-Ding,L (2680) St Petersburg 2012}) 8. h3 Nxc5 $146 ({Predecessor:} 8... a6 9. a3 Bxc5 10. Bd3 O-O 11. O-O f6 12. exf6 Qxf6 13. Bg3 Nde5 14. Nxe5 Nxe5 {½-½ (26) Kamer,K (1866)-Di Benedetto,E (2153) Batumi 2014}) 9. Bd3 {The position is equal.} Nxd3+ 10. Qxd3 Bc5 11. O-O O-O 12. Rad1 a6 13. Ne2 Qb6 14. Bc1 Bd7 15. a3 Rfc8 16. Ng3 Bf8 17. Rfe1 Rc7 ({Better is} 17... Na5 $11) 18. Nh2 ({White should try} 18. Bxh6 $1 $14 gxh6 19. Nh5) 18... Ne7 $15 19. Ng4 (19. Nf3 $15) 19... Qb5 20. Qf3 Rxc2 21. Nh5 Rac8 {[#]} ({Black should play} 21... Ng6 $15 22. Nxg7 Rxc1 23. Nf6+ Kxg7 24. Nh5+ Kg8 25. Nf6+ Kh8 26. Rxc1 Bg7) 22. Nhf6+ $1 {[%mdl 512]} gxf6 $2 {[%mdl 8192]} (22... Kh8 $1 $11 23. Nxh6 gxh6) 23. Nxf6+ $2 (23. Bxh6 $18 Bxh6 24. Nxh6+ Kh7 25. Qh5 Rxf2 26. Kxf2 Rc2+ 27. Kg1 $1 {[%mdl 512]} Qc5+ 28. Kh1 $1 {[%mdl 512]}) 23... Kh8 $11 {[#] Threatens to win with ...Be8.} 24. Qh5 $1 {[%mdl 512]} Ng8 $1 {[%cal Rg8f6]} 25. Qxf7 (25. Nxg8 $11 Kxg8 26. Bxh6 Bxh6 27. Qxh6) 25... Nxf6 $17 26. exf6 {[#] Bxh6! would kill now.} d4 (26... Qc5 $1 $17 {[%cal Rc5f2]} 27. Be3 Be8 28. Qxe6 Qc6) 27. Bf4 $11 Qf5 $1 {[%cal Rf5f4]} ({But not} 27... Rxb2 $2 28. Rxd4 Rb1 29. Rxb1 $16) 28. Rxd4 Bc6 29. Re5 (29. g4 $11 Qc5 30. Be3) 29... Qh7 $17 30. Qxe6 {[#]} (30. Qh5 $17) 30... Qg8 $3 $40 {[%mdl 640] Black is out for blood.} 31. Qxg8+ Kxg8 32. Rd2 Rxd2 33. Bxd2 Rd8 34. Bb4 Bxb4 35. axb4 {[%mdl 4096] Endgame KRB-KR} Kf7 36. Rh5 Kg6 37. g4 (37. Rh4 $142) 37... Rd6 38. Rf5 {And now f7 would win.} Rxf6 39. Rxf6+ Kxf6 {KB-KP} 40. f4 {[#]} h5 $1 41. gxh5 Kf5 {Black mates.} 42. h6 Kg6 43. Kf2 Kxh6 44. Ke3 Bd7 45. h4 Kh5 46. Kd4 Kxh4 47. Ke5 Kg4 48. Kd6 Bf5 49. Kc7 Be4 {Accuracy: White = 33%, Black = 64%.} 0-1

[Event "10th Dolomiti Open 2019"]
[Site "Forni di Sopra"]
[Date "2019.06.17"]
[Round "3.6"]
[White "Castellanos Rodriguez, Renier"]
[Black "Gueci, Tea"]
[Result "1-0"]
[WhiteElo "2511"]
[BlackElo "2257"]
[Annotator "RC"]
[PlyCount "147"]
[EventDate "2019.06.15"]
[EventType "swiss"]
[EventCountry "ITA"]
[SourceTitle "playchess.com"]
[Source "ChessBase"]
[SourceQuality "1"]
[TimeControl "40/5400+30:1800+30"]

1. c4 {[%emt 0:00:00]} e6 {[%emt 0:00:00]} 2. Nf3 {[%emt 0:00:22]} d5 {[%emt 0:00:00]} 3. e3 {[%emt 0:00:40]} Nf6 {[%emt 0:00:00]} 4. b3 {[%emt 0:00:36]} c5 {[%emt 0:00:54]} 5. Bb2 {[%emt 0:00:20]} Be7 {[%emt 0:01:33]} 6. cxd5 {[%emt 0:04:07]} exd5 {[%emt 0:00:23]} 7. d4 {[%emt 0:00:20]} Nc6 {[%emt 0:01:39]} 8. Be2 {[%emt 0:02:12]} O-O {[%emt 0:01:19]} 9. O-O {[%emt 0:00:12]} h6 {[%emt 0:04:32]} 10. Nc3 {[%emt 0:02:36]} Be6 {[%emt 0:05:36]} 11. Rc1 {[%emt 0:02:14]} b6 {[%emt 0:11:23]} 12. dxc5 {[%emt 0:06:35]} bxc5 {[%emt 0:00:21]} 13. Na4 {[%emt 0:00:13]} Nd7 {[%emt 0:11:14]} 14. Ne1 {[%emt 0:05:45]} Qa5 {[%emt 0:20:33]} 15. Nd3 {[%emt 0:02:51]} Bd6 {[%emt 0:12:24]} 16. Nf4 {[%emt 0:07:57]} Bxf4 {[%emt 0:02:03]} 17. exf4 {[%emt 0:00:33]} d4 {[%emt 0:01:01]} 18. Bd3 {[%emt 0:13:47]} Nb4 {[%emt 0:02:57]} 19. Bb1 {[%emt 0:03:03]} Rac8 {[%emt 0:05:43]} 20. Re1 {[%emt 0:06:22]} Qb5 {[%emt 0:02:52]} 21. a3 {[%emt 0:11:18]} Na6 {[%emt 0:01:12]} 22. Bd3 {[%emt 0:02:42]} Qb7 {[%emt 0:04:12]} 23. f5 {[%emt 0:07:39]} Bxb3 {[%emt 0:03:31]} 24. Bxa6 {[%emt 0:00:10]} Qb8 {[%emt 0:00:39]} 25. Qd2 {[%emt 0:07:59]} Rc6 {[%emt 0:02:19]} 26. Nxc5 {[%emt 0:01:27]} Nxc5 {[%emt 0:00:16]} 27. Qxd4 {[%emt 0:01:21]} f6 {[%emt 0:00:15]} 28. Bc4+ {[%emt 0:03:36]} Kh8 {[%emt 0:01:02]} 29. Bd5 {[%emt 0:01:08]} Rd6 {[%emt 0:02:41]} 30. Rxc5 {[%emt 0:00:56]} Rfd8 {[%emt 0:01:46]} 31. h3 {[%emt 0:01:54]} Rxd5 {[%emt 0:00:28]} 32. Rxd5 {[%emt 0:00:10]} Rxd5 {[%emt 0:00:01]} 33. Qg4 {[%emt 0:01:42]} Rd7 {[%emt 0:01:03]} 34. Bxf6 {[%emt 0:00:54]} gxf6 {[%emt 0:00:30]} 35. Qg6 {[%emt 0:00:05]} Rd1 {[%emt 0:00:31]} 36. Qxh6+ {[%emt 0:00:47]} Kg8 {[%emt 0:00:02]} 37. Qg6+ {[%emt 0:00:10]} Kf8 {[%emt 0:00:25]} 38. Qxf6+ {[%emt 0:00:19]} Kg8 {[%emt 0:00:07]} 39. Qg6+ {[%emt 0:00:42]} Kf8 {[%emt 0:00:05]} 40. Qh6+ {[%emt 0:00:17]} Kg8 {[%emt 0:00:36]} 41. Qg5+ {[%emt 0:32:13]} Kf8 {[%emt 0:30:44]} 42. Qe7+ {[%emt 0:02:09]} Kg8 {[%emt 0:00:24]} 43. Rxd1 {[%emt 0:00:29]} Bxd1 {[%emt 0:00:07]} 44. f6 {[%emt 0:00:00]} Qf8 {[%emt 0:00:00]} 45. Qxa7 {[%emt 0:00:00]} Qxf6 {[%emt 0:00:00]} 46. Qb8+ {[%emt 0:00:00]} Kg7 {[%emt 0:00:00]} 47. Qc7+ {[%emt 0:00:00]} Kg6 {[%emt 0:00:00]} 48. Qg3+ {[%emt 0:00:00]} Kf7 {[%emt 0:00:00]} 49. Qe3 {[%emt 0:00:00]} Bh5 {[%emt 0:00:00]} 50. g4 {[%emt 0:00:00]} Bg6 {[%emt 0:00:00]} 51. Kg2 {[%emt 0:00:00]} Kg7 {[%emt 0:00:00]} 52. Kg3 {[%emt 0:00:00]} Qc6 {[%emt 0:00:00]} 53. f4 {[%emt 0:00:00]} Be4 {[%emt 0:00:00]} 54. f5 {[%emt 0:00:00]} Kf7 {[%emt 0:00:00]} 55. Qa7+ {[%emt 0:00:00]} Kg8 {[%emt 0:00:00]} 56. Qb8+ {[%emt 0:00:00]} Kf7 {[%emt 0:00:00]} 57. Qe5 {[%emt 0:00:00]} Bh1 {[%emt 0:00:00]} 58. Qe3 {[%emt 0:00:00]} Qd6+ {[%emt 0:00:00]} 59. Kh4 {[%emt 0:00:00]} Qf6+ {[%emt 0:00:00]} 60. Qg5 {[%emt 0:00:00]} Qc3 {[%emt 0:00:00]} 61. Qg6+ {[%emt 0:00:00]} Kf8 {[%emt 0:00:00]} 62. Qd6+ {[%emt 0:05:12]} Kf7 {[%emt 0:00:00]} 63. Qe6+ {[%emt 0:00:24]} Kf8 {[%emt 0:00:00]} 64. Qd6+ {[%emt 0:02:56]} Kf7 {[%emt 0:00:00]} 65. Qd7+ {[%emt 0:00:11]} Kf8 {[%emt 0:00:00]} 66. a4 {[%emt 0:01:32]} Qh8+ {[%emt 0:03:15]} 67. Kg5 {[%emt 0:00:28]} Qxh3 {[%emt 0:02:11]} 68. Qd8+ {[%emt 0:00:28]} Kf7 {[%emt 0:00:14]} 69. Qd7+ {[%emt 0:00:23]} Kf8 {[%emt 0:00:17]} 70. Qd6+ {[%emt 0:00:10]} Kf7 {[%emt 0:00:37]} 71. Qe6+ {[%emt 0:00:29]} Kf8 {[%emt 0:00:10]} 72. f6 {[%emt 0:01:19]} Qa3 {[%emt 0:01:26]} 73. Qc8+ {[%emt 0:00:11]} Kf7 {[%emt 0:00:09]} 74. Qd7+ {[%emt 0:00:08]} 1-0

[Event "10th Dolomiti Open 2019"]
[Site "Forni di Sopra"]
[Date "2019.06.17"]
[Round "3.7"]
[White "Loiacono, Leonardo"]
[Black "Arjun, Kalyan"]
[Result "0-1"]
[WhiteElo "2241"]
[BlackElo "2484"]
[Annotator "ChessBase"]
[PlyCount "52"]
[EventDate "2019.06.15"]
[EventType "swiss"]
[EventCountry "ITA"]
[SourceTitle "playchess.com"]
[Source "ChessBase"]
[SourceQuality "1"]
[TimeControl "40/5400+30:1800+30"]

1. d4 {[%emt 0:00:00]} d5 {[%emt 0:00:00]} 2. c4 {[%emt 0:00:00]} c6 {[%emt 0:00:00]} 3. Nc3 {[%emt 0:00:00]} Nf6 {[%emt 0:00:00]} 4. Nf3 {[%emt 0:00:00]} e6 {[%emt 0:00:00]} 5. e3 {[%emt 0:00:00]} Nbd7 {[%emt 0:00:26]} 6. Qc2 {[%emt 0:00:08]} Bd6 {[%emt 0:00:26]} 7. g4 {[%emt 0:00:08]} h6 {[%emt 0:01:13]} 8. Rg1 {[%emt 0:00:08]} dxc4 {[%emt 0:01:10]} 9. Bxc4 {[%emt 0:01:59]} b5 {[%emt 0:00:38]} 10. Be2 {[%emt 0:00:21]} Bb7 {[%emt 0:02:33]} 11. e4 {[%emt 0:04:54]} b4 {[%emt 0:00:41]} 12. Na4 {[%emt 0:02:12]} Qa5 {[%emt 0:00:27]} 13. b3 {[%emt 0:04:08]} Be7 {[%emt 0:00:09]} 14. g5 {[%emt 0:08:33]} hxg5 {[%emt 0:01:54]} 15. Bxg5 {[%emt 0:00:17]} c5 {[%emt 0:18:39]} 16. e5 {[%emt 0:04:09]} Ne4 {[%emt 0:02:57]} 17. Bxe7 {[%emt 0:00:10]} Kxe7 {[%emt 0:00:02]} 18. Nd2 {[%emt 0:06:04]} cxd4 {[%emt 0:24:05]} 19. Nxe4 {[%emt 0:04:41]} Qxe5 {[%emt 0:01:07]} 20. Bf3 {[%emt 0:13:08]} f5 {[%emt 0:02:56]} 21. Qd2 {[%emt 0:01:06]} Bxe4 {[%emt 0:00:43]} 22. Qxb4+ {[%emt 0:00:14]} Kf6 {[%emt 0:01:52]} 23. Bxe4 {[%emt 0:03:12]} Qxe4+ {[%emt 0:01:07]} 24. Kf1 {[%emt 0:00:22]} Qd3+ {[%emt 0:00:26]} 25. Ke1 {[%emt 0:00:31]} Ne5 {[%emt 0:01:55]} 26. Rg3 {[%emt 0:00:06]} Rxh2 {[%emt 0:00:40]} 0-1

[Event "10th Dolomiti Open 2019"]
[Site "Forni di Sopra"]
[Date "2019.06.17"]
[Round "3.8"]
[White "Bellia, Fabrizio"]
[Black "Kumar, Nikhil"]
[Result "1/2-1/2"]
[WhiteElo "2450"]
[BlackElo "2257"]
[Annotator "ChessBase"]
[PlyCount "58"]
[EventDate "2019.06.15"]
[EventType "swiss"]
[EventCountry "ITA"]
[SourceTitle "playchess.com"]
[Source "ChessBase"]
[SourceQuality "1"]
[TimeControl "40/5400+30:1800+30"]

1. e4 {[%emt 0:00:00]} c6 {[%emt 0:00:00]} 2. d4 {[%emt 0:00:00]} d5 {[%emt 0:00:00]} 3. Nc3 {[%emt 0:00:00]} dxe4 {[%emt 0:00:00]} 4. Nxe4 {[%emt 0:00:04]} Nf6 {[%emt 0:00:00]} 5. Nxf6+ {[%emt 0:01:22]} exf6 {[%emt 0:00:06]} 6. c3 {[%emt 0:00:06]} Bd6 {[%emt 0:00:05]} 7. Bd3 {[%emt 0:00:05]} O-O {[%emt 0:00:19]} 8. Qc2 {[%emt 0:00:02]} Re8+ {[%emt 0:00:17]} 9. Ne2 {[%emt 0:00:05]} h5 {[%emt 0:00:38]} 10. Be3 {[%emt 0:01:02]} Nd7 {[%emt 0:00:26]} 11. O-O-O {[%emt 0:00:47]} Nf8 {[%emt 0:00:19]} 12. Kb1 {[%emt 0:04:41]} Be6 {[%emt 0:00:56]} 13. Nf4 {[%emt 0:03:40]} Bxf4 {[%emt 0:01:06]} 14. Bxf4 {[%emt 0:00:07]} b5 {[%emt 0:00:30]} 15. Rhe1 {[%emt 0:05:13]} a5 {[%emt 0:02:21]} 16. c4 {[%emt 0:02:48]} bxc4 {[%emt 0:06:15]} 17. Bxc4 {[%emt 0:00:56]} Qd7 {[%emt 0:00:41]} 18. Bxe6 {[%emt 0:03:58]} Nxe6 {[%emt 0:00:23]} 19. Qf5 {[%emt 0:02:06]} Rad8 {[%emt 0:01:01]} 20. Be3 {[%emt 0:07:59]} Qd5 {[%emt 0:01:55]} 21. Qxd5 {[%emt 0:01:28]} Rxd5 {[%emt 0:00:06]} 22. b3 {[%emt 0:15:23]} Nxd4 {[%emt 0:05:31]} 23. Bxd4 {[%emt 0:00:45]} Rxe1 {[%emt 0:00:24]} 24. Rxe1 {[%emt 0:00:04]} Rxd4 {[%emt 0:00:07]} 25. Rc1 {[%emt 0:00:10]} Rd2 {[%emt 0:00:43]} 26. Rc2 {[%emt 0:00:04]} Rd1+ {[%emt 0:04:05]} 27. Rc1 {[%emt 0:02:58]} Rd2 {[%emt 0:17:19]} 28. Rc2 {[%emt 0:00:13]} Rd1+ {[%emt 0:02:57]} 29. Rc1 {[%emt 0:02:20]} Rd2 {[%emt 0:00:46]} 1/2-1/2